京急電鉄のご当地入線メロディーが採用されている/いた駅 - Statistics

General Stats
  • This quiz has been taken 30 times
  • The average score is 23 of 25
Answer Stats
Answer % Correct
品川
100%
横浜
100%
立会川
96%
平和島
96%
京急蒲田
96%
京急川崎
96%
生麦
96%
上大岡
96%
金沢文庫
96%
金沢八景
96%
横須賀中央
96%
堀ノ内
96%
浦賀
96%
京急久里浜
96%
三崎口
96%
青物横丁
92%
三浦海岸
92%
羽田空港第1・第2ターミナル
92%
羽田空港第3ターミナル
92%
梅屋敷
88%
港町
83%
井土ヶ谷
83%
逗子・葉山
83%
追浜
79%
川崎大師
75%
No matching quizzes found
Score Distribution
Percent of People with Each Score
Percentile by Number Answered
Your Score History
You have not taken this quiz